<?xml version="1.0" encoding="UTF-8"?>
<collection xmlns="http://www.loc.gov/MARC21/slim">
 <record>
  <leader>01353nam a22002171  4500</leader>
  <controlfield tag="001">1/17722</controlfield>
  <controlfield tag="008">010912s1958    gr            001 0 gre d</controlfield>
  <datafield tag="035" ind1=" " ind2=" ">
   <subfield code="l">18247</subfield>
  </datafield>
  <datafield tag="040" ind1=" " ind2=" ">
   <subfield code="a">GR-PeUP</subfield>
  </datafield>
  <datafield tag="082" ind1="0" ind2="0">
   <subfield code="a">657.8 BAT MΤΦ</subfield>
  </datafield>
  <datafield tag="100" ind1="1" ind2=" ">
   <subfield code="a">Batardon, Leon.</subfield>
  </datafield>
  <datafield tag="245" ind1="1" ind2="2">
   <subfield code="a">Η απογραφή και ο ισολογισμός :</subfield>
   <subfield code="b">από νομικής λογιστικής οικονομικής και φορολογικής απόψεως /</subfield>
   <subfield code="c">Leon Batardon ; μετάφρασις και απόδοσις εις την ελληνικήν υπό Δημήτριου Στ. Γεωργίλη.</subfield>
  </datafield>
  <datafield tag="260" ind1=" " ind2=" ">
   <subfield code="a">Αθήναι:</subfield>
   <subfield code="b">Ο Λογιστής,</subfield>
   <subfield code="c">1958.</subfield>
  </datafield>
  <datafield tag="300" ind1=" " ind2=" ">
   <subfield code="a">479 σ.:</subfield>
   <subfield code="c">24 εκ.</subfield>
  </datafield>
  <datafield tag="500" ind1=" " ind2=" ">
   <subfield code="a">Από τη σελίδα τίτλου: Εκ της ενάτης γαλλικής εκδόσεως.</subfield>
  </datafield>
  <datafield tag="500" ind1=" " ind2=" ">
   <subfield code="a">Έκδοσις του περιοδικού &quot;Ο Λογιστής&quot;, μηνιαίας λογιστικής φορολογικής &amp; οικονομικής επιθεωρήσεως.</subfield>
  </datafield>
  <datafield tag="650" ind1=" " ind2="4">
   <subfield code="a">Ισολογισμοί.</subfield>
  </datafield>
  <datafield tag="650" ind1=" " ind2="4">
   <subfield code="a">Balance sheets, Business.</subfield>
  </datafield>
  <datafield tag="700" ind1="1" ind2=" ">
   <subfield code="a">Γεωργίλης, Δημήτριος Σ,</subfield>
   <subfield code="e">μετ.</subfield>
  </datafield>
  <datafield tag="852" ind1=" " ind2=" ">
   <subfield code="a">INST</subfield>
   <subfield code="b">UNIPILB</subfield>
   <subfield code="c">MAIN</subfield>
   <subfield code="e">20040709</subfield>
   <subfield code="h">657.8 BAT MΤΦ</subfield>
   <subfield code="p">00136977</subfield>
   <subfield code="q">00136977</subfield>
   <subfield code="t">CLOCOL</subfield>
   <subfield code="y">0</subfield>
   <subfield code="4">1</subfield>
  </datafield>
  <datafield tag="852" ind1=" " ind2=" ">
   <subfield code="a">INST</subfield>
   <subfield code="b">UNIPILB</subfield>
   <subfield code="c">MAIN</subfield>
   <subfield code="e">20160414</subfield>
   <subfield code="h">657.8 BAT MΤΦ</subfield>
   <subfield code="p">00173725</subfield>
   <subfield code="q">00173725</subfield>
   <subfield code="t">CLOCOL</subfield>
   <subfield code="y">23</subfield>
   <subfield code="4">2</subfield>
  </datafield>
 </record>
</collection>
